000 00365 a2200157 4500
001 52058
020 _a
040 _cAnchieta - Pituba
100 _aLIMA, Lívia Maria Gomes de Figueiredo
240 1 0 _a2º Português; II Unidade
_lpor
245 1 0 _a2º Português; II Unidade
300 _a8
362 0 _a2012
650 4 _aLíngua Portuguesa
942 _cBK
999 _c52058
_d52058